Statistiques concernant Quiz sur la Belgique

Cliquez ici pour prendre le quiz!

Statistiques générales

  • Ce quiz a été pris 17 252 fois
  • Le résultat moyen est 14 sur 20

Statistiques - réponses

QuestionRéponse% Correct
Ville et région capitaleBruxelles
100%
Province du sud de la Belgique qui porte le même nom qu'un pays voisinLuxembourg
90%
Troisième langue officielle, avec le français et le néerlandaisAllemand
87%
Les deux autres régionsWallonie
87%
Les deux autres régionsFlandre
85%
Site de la dernière bataille de NapoléonWaterloo
85%
Boisson traditionnelle des moines trappistesBière
84%
Principale colonie africaine, entre 1908 et 1960Congo Belge
83%
Reporter indissociable de son fox-terrier qui fut créé par Hergé en 1929Tintin
80%
Petites créatures bleues emblématiques de la bande dessinée belgeSchtroumpfs
78%
Ville célèbre pour ses canauxBruges
75%
Ville-hôte des J.O. de 1920Anvers
66%
Détective fictif belge créé par la romancière Agatha ChristieHercule Poirot
62%
Acteur notamment célèbre pour ses rôles dans Bloodsport et KickboxerJean-Claude Van Damme
56%
Roi actuel, depuis 2013Philippe
54%
Hymne national officielLa B{rabançonne}
48%
Célèbre course cycliste sur route souvent qualifiée de « Doyenne »Liège-{Bastogne}-Liège
47%
Aéroport desservant la capitale qui fut touché par un attentat terroriste en 2016Zaventem
37%
Peintre surréaliste qui dénonça La Trahison des imagesRené Magritte
34%
Devise nationale, qui est traduite par Eendracht maakt macht en néerlandaisL'union fait la force
33%

Distribution des résultats

Percentile par nombre de réponses

% des personnes avec chaque résultat

Votre développement - résultats

Vous n’avez pas pris ce quiz